[Event "Tatarstan-ch"]
[Site "Kazan"]
[Date "2016.09.23"]
[Round "8"]
[White "Afanasiev, Timofei"]
[Black "Kamalutdinov, Rahim"]
[Result "1-0"]
[WhiteElo "1443"]
[BlackElo "1328"]
[PlyCount "139"]
[EventDate "2016.09.16"]
[EventType "swiss"]
[EventRounds "9"]
[EventCountry "RUS"]
[SourceTitle "CBM 174 Extra"]
[Source "ChessBase"]
[SourceDate "2016.10.10"]
[SourceVersion "1"]
[SourceVersionDate "2016.10.10"]
[SourceQuality "1"]

1. Nf3 c6 2. d3 Nf6 3. g3 e6 4. Bg2 d5 5. b3 Nbd7 6. Bb2 Be7 7. Nbd2 0-0 8. 0-0 Ne8 9. c4 f5 10. cxd5 exd5 11. Nd4 Ndf6 12. N2f3 c5 13. Nc2 Ng4 14. d4 Nef6 15. dxc5 Bxc5 16. Ncd4 a6 17. Rc1 Qe7 18. Rc2 Bb6 19. Qc1 Re8 20. e3 Qf7 21. b4 h6 22. a4 g6 23. Nb3 Nxe3 24. Ne5 Rxe5 25. Bxe5 Nxc2 26. Qxc2 Ng4 27. Bd4 Bxd4 28. Nxd4 Nf6 29. Re1 Bd7 30. Qc5 Re8 31. Rxe8+ Bxe8 32. b5 axb5 33. axb5 Kg7 34. b6 Ne4 35. Bxe4 dxe4 36. Qe5+ Kh7 37. Qc7 Kg8 38. Qxf7+ Kxf7 39. Nb3 Bd7 40. Na5 Bc8 41. Nc4 Ke6 42. Kf1 Kd5 43. Ne3+ Kc5 44. Ke2 Kxb6 45. Nd5+ Kc5 46. Ne7 Bd7 47. Nxg6 b5 48. Ne5 Be6 49. f3 Kd5 50. Ng6 Bf7 51. Ne7+ Ke5 52. Nc6+ Kd6 53. Nd4 Bc4+ 54. Ke3 exf3 55. Nxf5+ Kc5 56. Kxf3 b4 57. Ne3 b3 58. Nd1 Kb4 59. Ke3 Be6 60. Kd3 Bf5+ 61. Kd2 Ka3 62. Kc3 Bc2 63. Nb2 Ka2 64. Nc4 Bf5 65. Nb2 Be6 66. Nd3 Ka1 67. Nb2 Ka2 68. Nd3 Bf5 69. Nc1+ Ka3 70. Nxb3 1-0

[Event "Nezhmetdinov Memorial 38th"]
[Site "Kazan"]
[Date "2016.06.08"]
[Round "9"]
[White "Kamalutdinov, Rahim"]
[Black "Taipov, Ilmir"]
[Result "0-1"]
[WhiteElo "1368"]
[BlackElo "1673"]
[PlyCount "120"]
[EventDate "2016.05.31"]
[EventType "swiss"]
[EventRounds "9"]
[EventCountry "RUS"]
[SourceTitle "CBM 172 Extra"]
[Source "ChessBase"]
[SourceDate "2016.06.21"]
[SourceVersion "1"]
[SourceVersionDate "2016.06.21"]
[SourceQuality "1"]

1. d4 d5 2. Nf3 e6 3. Nbd2 Nf6 4. e3 Nbd7 5. Bd3 c5 6. c3 Bd6 7. h3 0-0 8. Bb1 b6 9. Nh2 cxd4 10. exd4 Ba6 11. Ng4 Re8 12. Qa4 Qc8 13. Nf3 e5 14. Nxf6+ Nxf6 15. dxe5 Bxe5 16. Nxe5 Rxe5+ 17. Be3 Ne4 18. Qd4 Qe8 19. Bc2 Nd6 20. 0-0-0 Nf5 21. Bxf5 Rxf5 22. Qg4 Bc8 23. Qg3 Qe5 24. Qxe5 Rxe5 25. Bf4 Re2 26. Be3 Bf5 27. Rd2 Rxd2 28. Bxd2 Be6 29. a3 Rc8 30. Be3 f6 31. Re1 Kf7 32. Kd1 Rc6 33. Kc2 a6 34. g4 b5 35. Bd4 Rc8 36. Bb6 Rc6 37. Bd4 f5 38. Rg1 fxg4 39. hxg4 Bd7 40. f4 Rh6 41. g5 Rh2+ 42. Kb3 a5 43. Re1 Bf5 44. Bb6 a4+ 45. Ka2 Bc2 46. Bd8 Bb3+ 47. Ka1 h5 48. gxh6 gxh6 49. f5 h5 50. Rf1 h4 51. Bc7 Re2 52. Kb1 h3 53. Bg3 Rg2 54. Be5 h2 55. Bxh2 Rxh2 56. f6 Rh6 57. Kc1 Rxf6 58. Rh1 Ke6 59. Rh2 Ke5 60. Kd2 Bc4 0-1